000 00930cam a22002891 4500
001 21681
003 BD-RjUL
005 20211209000721.0
008 140305s1966 ncu b 001 0 eng d
035 _a(BD-RjUL)21746
035 _a(OCoLC)304716
040 _aDLC
_cOGraD
_dOCoLC
_dDCHS
_dDLC
_dBD-RjUL
_beng
041 _aeng
082 0 0 _a882
_bGOI 1966
100 1 _aGolden, Leon,
_d1930-
_966959
245 1 0 _aIn praise of Prometheus :
_bhumanism and rationalism in Aeschylean thought /
_c Leon, Golden
260 _aChapel Hill :
_bUniversity of North Carolina Press,
_c1966
300 _axi, 137 p. ;
_c23 cm.
504 _aBibliography: p. 129-131. and Index
600 0 0 _aAeschylus
_xPhilosophy.
_966963
650 0 _aPrometheus (Greek deity)
_966961
650 0 _aHumanism in literature.
_955455
650 0 _aRationalism in literature.
_966962
942 _2ddc
_cBK
999 _c21681
_d21681